La ética del trabajo social

保存先:
書誌詳細
第一著者: Bermejo Escobar, Francisco J (著者)
フォーマット: 図書
言語:スペイン語
出版事項: Bilbao Desclée De Brouwer 2002
シリーズ:Colección Etica de las Profesiones
主題:
タグ: タグ追加
タグなし, このレコードへの初めてのタグを付けませんか!

MARC

LEADER 00000cam a2200000 a 4500
001 UCI7587
003 CL-VaPUC
005 20240102135349.0
008 080710e20020000SP |||||||||||||||||spa|d
999 |c 330810  |d 330808 
020 |a 8433016695 
040 |c Pontificia Universidad Católica de Valparaíso 
082 0 4 |a 174.9362  |b BER  |2 21 
100 0 |a Bermejo Escobar, Francisco J  |e author  |9 530846 
245 1 3 |a La ética del trabajo social 
260 |a Bilbao  |b Desclée De Brouwer  |c 2002 
300 |a 253 p 
490 0 |a Colección Etica de las Profesiones 
583 |a last modification  |c 20160421 10:04:32  |k Rodrigo Vera 
650 0 |a Etica profesional   |9 255694 
650 0 |a Trabajo social   |9 307856 
650 0 |a Moral Profesional  |9 395171 
650 0 |a Servicios sociales   |9 338304 
942 |c BK  |2 ddc 
945 |d 20080710 00:00:00  |a jtorresc 
952 |0 0  |1 0  |4 0  |6 174_936200000000000_BER_2002  |7 0  |8 A  |9 416646  |a BIBTEO  |b BIBTEO  |d 2019-11-22  |i 445636K  |l 4  |m 1  |o 174.9362 BER 2002  |p 445636K  |r 2025-01-17  |s 2024-09-09  |w 2019-11-22  |y BK  |k ICR 
952 |0 0  |1 0  |3 erb  |4 0  |6 174_936200000000000_BER_2002  |7 0  |8 A  |9 416647  |a BIBGIM  |b BIBGIM  |i 5283477  |l 5  |m 2  |o 174.9362 BER 2002  |p 5283477  |r 2025-01-15  |s 2024-09-12  |w 2019-11-22  |y BK  |z Catalogado en:20160421  |k SSL